000 00360 a2200169 4500
001 179983
020 _a85-7153-038-6
040 _cMagnum
100 _aGuimarĂ£es, AndrĂ©a
240 1 0 _aA viagem de uma carta
_lpor
245 1 0 _aA viagem de uma carta
300 _a12
362 0 _a1991
440 1 _aRHJ
697 _aLITERATURA INFANTO
942 _cBK
999 _c179983
_d179983